| 000 | 00945aab a2200193 i 4500 | ||
|---|---|---|---|
| 001 | 768714001 | ||
| 003 | CO-MdFUSB | ||
| 005 | 20240314163756.0 | ||
| 008 | 240314t2000 ck a|||| |||| 00| 0 spa d | ||
| 040 |
_bspa _cCO-MdFUSB |
||
| 041 | _aspa | ||
| 100 | 1 |
_aBreneman, Mervin (1930-) _eautor |
|
| 245 | 1 | 3 |
_aLa misión integral en el Antiguo Testamento _c/ Mervin Breneman |
| 300 |
_aVolumen 19, número 4 (noviembre - diciembre, 2000), páginas: 38 - 39 _c; 27 cm |
||
| 520 | _aLa gran comisión de Jesús pone la prioridad en restaurar a todos la relación correcta con su Creador. El Antiguo Testamento nos ayuda a ver las varias dimensiones que Dios incluye en esta restauración: Lo espiritual, lo material, lo personal y lo social, lo privado y lo público. | ||
| 653 | _aMisión integral | ||
| 773 | 0 |
_tIglesia y Misión _049402 _959627 _gVolumen 19, número 4 (noviembre - diciembre, 2000), páginas: 38 - 39 _qpáginas: 38 |
|
| 942 | _cANA | ||
| 999 |
_c52464 _d52464 |
||